000 01157cam a22003374a 4500
001 13754666
003 OSt
005 20140310182836.0
008 041019s2005 njua b 001 0 eng
010 _a 2004060002
020 _a0130399132
040 _aDLC
_cDLC
_dDLC
042 _apcc
050 0 0 _aQD 151.3
_b.H842 2007
082 0 0 _22nd ed.
_aM 546
_bH842 2007
100 1 _aHousecroft, Catherine E.,
_d1955-
245 1 0 _aAn introduction to inorganic chemistry
_cHousecroft, Catherine E., Sharpe, Alan G.
250 _a2nd ed.
260 _aPhilippines :
_bPearson Education Ltd.,
_cc2007.
300 _axxxvi, 949 p.
_bill. ;
_c26 cm.
504 _aIncludes bibliographical references and index.
521 _aCollege Student
526 _c1210L-1700L
541 _j1
562 _e1
650 0 _aChemistry, Inorganic
_vTextbooks.
700 1 _aSharpe, A. G.
906 _a7
_bcbc
_corignew
_d1
_eocip
_f20
_gy-gencatlg
942 _cBK
_2lcc
_kM
999 _c16743
_d16743